[Event "Madrid-ch superveteranos 2016/2017"]
[Site "Madrid ESP"]
[Date "2017.01.20"]
[Round "1.1"]
[White "De Juan Rivas, Antonio"]
[Black "Pastor Alonso de Prado, Emilio Alberto"]
[Result "0-1"]
[WhiteElo "1682"]
[BlackElo "2113"]
[PlyCount "58"]
[EventDate "2017.01.20"]
[EventType "swiss"]
[EventRounds "7"]
[EventCountry "ESP"]
[SourceTitle "Ajedrez en Madrid"]
[Source "lmi"]
[SourceDate "2017.01.20"]
[SourceVersion "1"]
[SourceVersionDate "2017.01.31"]
[SourceQuality "1"]

1. f4 d5 2. Nf3 c5 3. e3 Nc6 4. b3 Nf6 5. Bb5 Bd7 6. Bb2 e6 7. O-O Be7 8. d3
O-O 9. Bxc6 Bxc6 10. Ne5 Qc7 11. Rf3 c4 12. Rh3 Rfd8 13. Qe1 cxd3 14. cxd3 Be8
15. Nd2 Qc2 16. Bd4 Rac8 17. Ndf3 Nd7 18. Nxd7 Rxd7 19. Qg3 f6 20. Qh4 Qxd3 21.
Re1 Bg6 22. Qg3 Rdc7 23. Qg4 Bf5 24. Qg3 Rc1 25. Rh6 Bg6 26. Rh4 Bb4 27. f5
Bxe1 28. Nxe1 Qe2 29. Bc3 R8xc3 0-1

[Event "Madrid-ch superveteranos 2016/2017"]
[Site "Madrid ESP"]
[Date "2017.01.20"]
[Round "1.3"]
[White "Rodriguez Bachiller, Luis"]
[Black "Mayer Schwartz, Rene"]
[Result "0-1"]
[WhiteElo "1657"]
[BlackElo "2032"]
[PlyCount "44"]
[EventDate "2017.01.20"]
[EventType "swiss"]
[EventRounds "7"]
[EventCountry "ESP"]
[SourceTitle "Ajedrez en Madrid"]
[Source "lmi"]
[SourceDate "2017.01.20"]
[SourceVersion "1"]
[SourceVersionDate "2017.01.31"]
[SourceQuality "1"]

1. e4 e5 2. Nf3 Nc6 3. Bb5 Bc5 4. c3 Qf6 5. d3 a6 6. Ba4 h6 7. Nbd2 Nge7 8. b4
Ba7 9. Bb2 O-O 10. O-O d6 11. Qe1 Ng6 12. Bc2 Nf4 13. Kh1 Bg4 14. Ng1 Qg6 15.
g3 Nh3 16. Nxh3 Bxh3 17. Rg1 Qf6 18. d4 exd4 19. cxd4 Bxd4 20. Bxd4 Nxd4 21.
Bd3 Nf3 22. e5 Nxe1 0-1

[Event "Madrid-ch superveteranos 2016/2017"]
[Site "Madrid ESP"]
[Date "2017.01.20"]
[Round "1.4"]
[White "Ciuro Munoz, Ricardo"]
[Black "Martinez Carrasco, Jesus"]
[Result "1-0"]
[WhiteElo "2015"]
[BlackElo "1636"]
[PlyCount "117"]
[EventDate "2017.01.20"]
[EventType "swiss"]
[EventRounds "7"]
[EventCountry "ESP"]
[SourceTitle "Ajedrez en Madrid"]
[Source "lmi"]
[SourceDate "2017.01.20"]
[SourceVersion "1"]
[SourceVersionDate "2017.01.31"]
[SourceQuality "1"]

1. e4 c5 2. Nf3 d6 3. d3 Nc6 4. Nbd2 Nf6 5. g3 g6 6. Bg2 Bg7 7. O-O O-O 8. Re1
Qc7 9. c3 a6 10. Nb3 e5 11. d4 c4 12. Nbd2 b5 13. d5 Na5 14. Nf1 Nb7 15. h3 Bd7
16. g4 Nc5 17. Ng3 Nd3 18. Re2 Nxc1 19. Qxc1 Qc8 20. Qe3 h6 21. Nh2 Nh7 22. Qb6
Qb8 23. Qe3 Qc8 24. Qb6 Qb8 25. Qxb8 Raxb8 26. Nhf1 Rfc8 27. Ne3 Bf6 28. Rc2
Nf8 29. Bf1 Nh7 30. b3 Bh4 31. Kg2 cxb3 32. axb3 Ra8 33. b4 Ng5 34. Bd3 Nh7 35.
Ne2 Be7 36. Rca2 Nf6 37. Rxa6 Rab8 38. f3 Ne8 39. Ra7 Nc7 40. Nc2 Kf8 41. R1a3
Ke8 42. f4 exf4 43. Nxf4 Bf6 44. Ne2 Na8 45. Ncd4 Nc7 46. Kf3 Bd8 47. Ra1 Na8
48. R7a6 Bb6 49. Nxb5 Bxb5 50. Bxb5+ Ke7 51. Bc6 Nc7 52. R6a4 Ne8 53. Ra8 Nf6
54. Nf4 Kf8 55. Nd3 Ng8 56. Rxb8 Rxb8 57. e5 dxe5 58. Nxe5 Bc7 59. Nd7+ 1-0

[Event "Madrid-ch superveteranos 2016/2017"]
[Site "Madrid ESP"]
[Date "2017.01.20"]
[Round "1.5"]
[White "Perez Gonzalez, Jesus Miguel"]
[Black "Campos Calvo-Sotelo, Juan"]
[Result "0-1"]
[WhiteElo "1634"]
[BlackElo "1896"]
[PlyCount "118"]
[EventDate "2017.01.20"]
[EventType "swiss"]
[EventRounds "7"]
[EventCountry "ESP"]
[SourceTitle "Ajedrez en Madrid"]
[Source "lmi"]
[SourceDate "2017.01.20"]
[SourceVersion "1"]
[SourceVersionDate "2017.01.31"]
[SourceQuality "1"]

1. g3 c6 2. Bg2 Nf6 3. Nf3 g6 4. O-O Bg7 5. d4 O-O 6. c4 d6 7. Nc3 a5 8. e4 Na6
9. Re1 Rb8 10. a4 Nb4 11. h3 Qc7 12. Na2 Nxa2 13. Rxa2 e5 14. Bd2 Nh5 15. Bc3
Bd7 16. b3 b6 17. Rd2 Bh6 18. Rd3 Qc8 19. dxe5 Bxh3 20. e6 Bxe6 21. Rxd6 Rd8
22. Be5 Rxd6 23. Qxd6 Rb7 24. g4 Rd7 25. Qb8 Qxb8 26. Bxb8 Bxg4 27. Ne5 Rd1 28.
Kf1 Bd2 29. Rxd1 Bxd1 30. Nxc6 Bxb3 31. Ke2 Bf4 32. e5 Bxc4+ 33. Ke1 Bg5 34.
Bc7 Bb3 35. Bxb6 Bxa4 36. Nxa5 Bb5 37. Bd5 Nf4 38. Bc4 Bxc4 39. Nxc4 h5 40. Kf1
Kh7 41. Nd6 Kg7 42. Ne4 Be7 43. Bd4 Ne6 44. Be3 g5 45. Ng3 Kg6 46. Bc1 h4 47.
Ne2 Kf5 48. Bb2 Bc5 49. Kg2 Nf4+ 50. Nxf4 Kxf4 51. Bc1+ Kf5 52. f3 Bd4 53. Kh3
Bxe5 54. Be3 Bf4 55. Bf2 Ke5 56. Bb6 Kd5 57. Kg4 Kc4 58. Bf2 Kd3 59. Bxh4 gxh4
0-1

[Event "Madrid-ch superveteranos 2016/2017"]
[Site "Madrid ESP"]
[Date "2017.01.20"]
[Round "1.6"]
[White "Perez Pascual, Arturo"]
[Black "Osanz Diaz, Francisco"]
[Result "1-0"]
[WhiteElo "1895"]
[BlackElo "1622"]
[PlyCount "38"]
[EventDate "2017.01.20"]
[EventType "swiss"]
[EventRounds "7"]
[EventCountry "ESP"]
[SourceTitle "Ajedrez en Madrid"]
[Source "lmi"]
[SourceDate "2017.01.20"]
[SourceVersion "1"]
[SourceVersionDate "2017.01.31"]
[SourceQuality "1"]

1. e4 c5 2. Nf3 Nc6 3. d4 cxd4 4. Nxd4 e5 5. Nb5 d6 6. N1c3 a6 7. Na3 Nf6 8.
Bg5 Be7 9. Nc4 b5 10. Ne3 Nd4 11. Ncd5 Be6 12. c3 Nc6 13. a4 b4 14. cxb4 Nd4
15. Bc4 O-O 16. O-O Kh8 17. Qd3 Rg8 18. Kh1 Qf8 19. Bxa6 Bd8 1-0

[Event "Madrid-ch superveteranos 2016/2017"]
[Site "Madrid ESP"]
[Date "2017.01.20"]
[Round "1.7"]
[White "Fernandez-Bujarrabal V., Pedro"]
[Black "Garcia Esteban, Ignacio"]
[Result "0-1"]
[WhiteElo "1606"]
[BlackElo "1851"]
[PlyCount "66"]
[EventDate "2017.01.20"]
[EventType "swiss"]
[EventRounds "7"]
[EventCountry "ESP"]
[SourceTitle "Ajedrez en Madrid"]
[Source "lmi"]
[SourceDate "2017.01.20"]
[SourceVersion "1"]
[SourceVersionDate "2017.01.31"]
[SourceQuality "1"]

1. e4 c5 2. Nf3 Nc6 3. d4 cxd4 4. Nxd4 g6 5. Nc3 Bg7 6. Be3 d6 7. Be2 Nf6 8.
O-O O-O 9. f4 a6 10. g4 e5 11. Nxc6 bxc6 12. g5 Ne8 13. Bg4 exf4 14. Rxf4 Qxg5
15. Kh1 Be5 16. Bxc8 Bxf4 17. Bxf4 Qxf4 18. Bg4 Nf6 19. Bf3 Rad8 20. Qe2 Rfe8
21. Qg2 Re5 22. Re1 d5 23. Ne2 Qd2 24. Qg3 Rg5 25. Qf2 dxe4 26. Bg2 Ng4 27. Qg3
Ne5 28. Qh4 Nf3 29. Bxf3 exf3 30. Nf4 f2 31. Rf1 Rg1+ 32. Rxg1 fxg1=Q+ 33. Kxg1
Qe3+ 0-1

[Event "Madrid-ch superveteranos 2016/2017"]
[Site "Madrid ESP"]
[Date "2017.01.20"]
[Round "1.8"]
[White "Lopez Heras, Arturo"]
[Black "Perez Cristobal, Alberto"]
[Result "1-0"]
[WhiteElo "1837"]
[BlackElo "1598"]
[PlyCount "67"]
[EventDate "2017.01.20"]
[EventType "swiss"]
[EventRounds "7"]
[EventCountry "ESP"]
[SourceTitle "Ajedrez en Madrid"]
[Source "lmi"]
[SourceDate "2017.01.20"]
[SourceVersion "1"]
[SourceVersionDate "2017.01.31"]
[SourceQuality "1"]

1. d4 e6 2. c4 d5 3. Nc3 c6 4. cxd5 exd5 5. Nf3 Nf6 6. Bg5 Be7 7. Qc2 Bg4 8.
Ne5 Bh5 9. e3 Nbd7 10. Bd3 Nxe5 11. dxe5 Nd7 12. Bf4 Nf8 13. O-O Bg6 14. e4 d4
15. Ne2 Ne6 16. Bg3 O-O 17. f4 Nc5 18. f5 Nxd3 19. Qxd3 Bh5 20. Nf4 g6 21. f6
Bc5 22. Nxh5 gxh5 23. Rf5 Kh8 24. e6 fxe6 25. Rxc5 Rf7 26. Rxh5 Qb6 27. b3 a5
28. e5 Qc5 29. Rf1 Qd5 30. Bf4 Rg8 31. Rf3 Rg4 32. Bh6 Rg6 33. Qxg6 hxg6 34.
Bg7+ 1-0

[Event "Madrid-ch superveteranos 2016/2017"]
[Site "Madrid ESP"]
[Date "2017.01.20"]
[Round "1.9"]
[White "Poblador Dieguez, Alfredo"]
[Black "Fernandez Garcia, Ignacio"]
[Result "0-1"]
[WhiteElo "1576"]
[BlackElo "1833"]
[PlyCount "86"]
[EventDate "2017.01.20"]
[EventType "swiss"]
[EventRounds "7"]
[EventCountry "ESP"]
[SourceTitle "Ajedrez en Madrid"]
[Source "lmi"]
[SourceDate "2017.01.20"]
[SourceVersion "1"]
[SourceVersionDate "2017.01.31"]
[SourceQuality "1"]

1. d4 d5 2. c4 c6 3. Nc3 Nf6 4. Bg5 Nbd7 5. e3 Qa5 6. Nf3 Ne4 7. Qc2 Nb6 8. a3
Nxc3 9. b4 Qa4 10. Qxc3 dxc4 11. Bxc4 Nxc4 12. Qxc4 Be6 13. Qc3 Bd5 14. O-O Qb5
15. Bf4 Bxf3 16. gxf3 e6 17. e4 Be7 18. e5 Rd8 19. Be3 Qd5 20. f4 g5 21. fxg5
Rg8 22. f4 h6 23. h4 hxg5 24. fxg5 Rh8 25. Qe1 Rh7 26. Qg3 Kd7 27. Rf2 Rdh8 28.
Rh2 Qe4 29. Qf4 Qd3 30. Bf2 Qg6 31. Re1 Rh5 32. Bg3 Rg8 33. Rf2 Rg7 34. Qe4 Qh7
35. Qxh7 Rgxh7 36. Ref1 Ke8 37. Rb2 Rg7 38. Kh2 Bxg5 39. Kh3 Rgh7 40. Rff2 Bxh4
41. Bxh4 Rxh4+ 42. Kg3 Rxd4 43. Rb3 Re4 0-1

[Event "Madrid-ch superveteranos 2016/2017"]
[Site "Madrid ESP"]
[Date "2017.01.20"]
[Round "1.10"]
[White "Cruz Gonzalez, Antonio"]
[Black "Beekhof Harmsen, Willen"]
[Result "1-0"]
[WhiteElo "1817"]
[BlackElo "1555"]
[PlyCount "97"]
[EventDate "2017.01.20"]
[EventType "swiss"]
[EventRounds "7"]
[EventCountry "ESP"]
[SourceTitle "Ajedrez en Madrid"]
[Source "lmi"]
[SourceDate "2017.01.20"]
[SourceVersion "1"]
[SourceVersionDate "2017.01.31"]
[SourceQuality "1"]

1. e4 g6 2. f4 Bg7 3. d4 d6 4. Nf3 a6 5. Nc3 b5 6. a3 Nd7 7. Be3 Bb7 8. Bd3 c5
9. e5 cxd4 10. Bxd4 dxe5 11. fxe5 Bxf3 12. Qxf3 Nxe5 13. Bxe5 Bxe5 14. O-O-O
Qb8 15. Qc6+ Kf8 16. Nd5 e6 17. Nb6 Ne7 18. Nd7+ Kg7 19. Nxb8 Nxc6 20. Nxc6
Bf4+ 21. Kb1 Rhe8 22. Nd4 Be5 23. Nf3 Bf6 24. Rhe1 Ra7 25. Re2 Rb8 26. Ne5 Rb6
27. g3 a5 28. Re4 b4 29. Nc4 Rbb7 30. a4 b3 31. c3 Rd7 32. Be2 Rxd1+ 33. Bxd1
Rd7 34. Be2 Rd5 35. Re3 Bg5 36. Rd3 Rf5 37. Bf3 e5 38. g4 e4 39. gxf5 exd3 40.
fxg6 d2 41. gxf7 Kxf7 42. Nxa5 Kf6 43. Nxb3 Ke5 44. a5 Kf4 45. Bd1 Ke3 46. a6
Kf2 47. a7 Ke1 48. Kc2 Be3 49. a8=Q 1-0

[Event "Madrid-ch superveteranos 2016/2017"]
[Site "Madrid ESP"]
[Date "2017.01.20"]
[Round "1.12"]
[White "Perez Cameselle, Francisco Jose"]
[Black "Cupeiro Fernandez, Manuel"]
[Result "1-0"]
[WhiteElo "1790"]
[BlackElo "1525"]
[PlyCount "73"]
[EventDate "2017.01.20"]
[EventType "swiss"]
[EventRounds "7"]
[EventCountry "ESP"]
[SourceTitle "Ajedrez en Madrid"]
[Source "lmi"]
[SourceDate "2017.01.20"]
[SourceVersion "1"]
[SourceVersionDate "2017.01.31"]
[SourceQuality "1"]

1. e4 d6 2. d4 Nf6 3. Nc3 Bg4 4. f3 Bh5 5. Be3 e6 6. Nge2 Be7 7. Qd2 Nbd7 8. g4
Bg6 9. O-O-O h6 10. h4 Nb6 11. Ng3 Qd7 12. Bb5 c6 13. Be2 Qc7 14. g5 hxg5 15.
hxg5 Rxh1 16. Rxh1 Nfd7 17. Rh8+ Nf8 18. Kb1 O-O-O 19. Nh5 Bxh5 20. Rxh5 Nfd7
21. Rh7 Bf8 22. a4 Kb8 23. a5 Nc8 24. a6 b6 25. d5 Ne7 26. dxc6 Nxc6 27. Nb5
Qc8 28. Nxd6 Qc7 29. Nxf7 Re8 30. Rh8 Nd8 31. Nd6 Re7 32. Nb5 Qc8 33. Qd6+ Ka8
34. Nc7+ Kb8 35. Nxe6+ Ka8 36. Rxf8 Rxe6 37. Qxe6 1-0

[Event "Madrid-ch superveteranos 2016/2017"]
[Site "Madrid ESP"]
[Date "2017.01.20"]
[Round "1.13"]
[White "Garcia Peco, Antonio"]
[Black "Alvarez Escudero, Manuel"]
[Result "1/2-1/2"]
[WhiteElo "1488"]
[BlackElo "1782"]
[PlyCount "24"]
[EventDate "2017.01.20"]
[EventType "swiss"]
[EventRounds "7"]
[EventCountry "ESP"]
[SourceTitle "Ajedrez en Madrid"]
[Source "lmi"]
[SourceDate "2017.01.20"]
[SourceVersion "1"]
[SourceVersionDate "2017.01.31"]
[SourceQuality "1"]

1. e4 g6 2. d4 Bg7 3. c3 e5 4. Bc4 d6 5. h3 exd4 6. cxd4 Nc6 7. Nf3 Nge7 8. Nc3
O-O 9. O-O a6 10. a3 b5 11. Re1 b4 12. axb4 Nxb4 1/2-1/2

[Event "Madrid-ch superveteranos 2016/2017"]
[Site "Madrid ESP"]
[Date "2017.01.20"]
[Round "1.15"]
[White "Sanchez Lucena, Juan"]
[Black "Leniz Martinez, Francisco"]
[Result "0-1"]
[WhiteElo "1431"]
[BlackElo "1721"]
[PlyCount "110"]
[EventDate "2017.01.20"]
[EventType "swiss"]
[EventRounds "7"]
[EventCountry "ESP"]
[SourceTitle "Ajedrez en Madrid"]
[Source "lmi"]
[SourceDate "2017.01.20"]
[SourceVersion "1"]
[SourceVersionDate "2017.01.31"]
[SourceQuality "1"]

1. d4 d6 2. Nf3 Nf6 3. Bf4 Bf5 4. e3 c6 5. c4 g6 6. Nc3 Bg7 7. Rc1 O-O 8. Be2
Re8 9. Qb3 Qb6 10. O-O Qxb3 11. axb3 Nbd7 12. Na4 Nh5 13. Bg5 h6 14. Bf4 Nhf6
15. c5 dxc5 16. Nxc5 Nxc5 17. Rxc5 Ne4 18. Rcc1 Nd6 19. Bg3 Be6 20. Nd2 Nf5 21.
Bc7 Rac8 22. Ba5 h5 23. Bb4 Nd6 24. Nc4 Nf5 25. Bf3 Kf8 26. Nd2 Red8 27. Bc3 a6
28. b4 Nd6 29. Be2 Bf5 30. Bf3 Nb5 31. Ne4 Bxe4 32. Bxe4 e6 33. Bd2 Ra8 34. Rc2
e5 35. dxe5 Bxe5 36. f4 Bf6 37. Bf3 Nd6 38. Bc1 Re8 39. Re1 Kg7 40. e4 Bd4+ 41.
Kf1 Nb5 42. e5 Rad8 43. Be3 Bxe3 44. Rxe3 Rd4 45. Re4 Red8 46. Rxd4 Rxd4 47. g3
Rxb4 48. Bg2 Nd4 49. Rd2 c5 50. Kf2 b6 51. Bh3 a5 52. f5 gxf5 53. Ke3 Kg6 54.
Rf2 Rb3+ 55. Kf4 Ne6# 0-1

[Event "Madrid-ch superveteranos 2016/2017"]
[Site "Madrid ESP"]
[Date "2017.01.20"]
[Round "1.16"]
[White "Corredor Gonzalez, Angel L"]
[Black "Martin Rodriguez, Jose Luis"]
[Result "1-0"]
[WhiteElo "1708"]
[BlackElo "1327"]
[PlyCount "41"]
[EventDate "2017.01.20"]
[EventType "swiss"]
[EventRounds "7"]
[EventCountry "ESP"]
[SourceTitle "Ajedrez en Madrid"]
[Source "lmi"]
[SourceDate "2017.01.20"]
[SourceVersion "1"]
[SourceVersionDate "2017.01.31"]
[SourceQuality "1"]

1. e4 e6 2. d4 d5 3. exd5 exd5 4. c4 dxc4 5. Bxc4 Nf6 6. Nf3 Be7 7. Nc3 O-O 8.
O-O Re8 9. Ng5 Rf8 10. Qb3 Qe8 11. Nb5 Na6 12. Re1 Bd7 13. Nc3 Nb8 14. Bf4 h6
15. Nf3 Qc8 16. Rxe7 Nc6 17. Rxf7 Kh7 18. Qc2+ Kh8 19. Qg6 Rg8 20. Bxh6 Ne8 21.
Bxg7+ 1-0

[Event "Madrid-ch superveteranos 2016/2017"]
[Site "Madrid ESP"]
[Date "2017.01.20"]
[Round "1.17"]
[White "Buergo Villanueva, Fernando"]
[Black "Martinez Rubio, Felipe"]
[Result "0-1"]
[WhiteElo "1290"]
[BlackElo "1706"]
[PlyCount "108"]
[EventDate "2017.01.20"]
[EventType "swiss"]
[EventRounds "7"]
[EventCountry "ESP"]
[SourceTitle "Ajedrez en Madrid"]
[Source "lmi"]
[SourceDate "2017.01.20"]
[SourceVersion "1"]
[SourceVersionDate "2017.01.31"]
[SourceQuality "1"]

1. d4 e6 2. Nf3 f5 3. Bf4 Nf6 4. e3 b6 5. Bd3 Bb7 6. Nbd2 d5 7. c4 Ne4 8. O-O
Be7 9. Ne5 O-O 10. Nb3 Ba6 11. h3 dxc4 12. Nxc4 c5 13. f3 Nf6 14. Qc2 Nc6 15.
dxc5 Nb4 16. Qe2 Qxd3 17. Rfe1 Qxe2 18. Rxe2 Bxc4 19. Rd2 Bxb3 20. axb3 Bxc5
21. Kh1 Nfd5 22. Be5 Bxe3 23. Re2 Rfe8 24. Bd6 Bf4 25. Bxb4 Nxb4 26. Rd1 Rac8
27. Kg1 Rc1 28. Ree1 Rec8 29. Kf2 Rxd1 30. Rxd1 Rc2+ 31. Kf1 Rc1 32. Ke2 Rxd1
33. Kxd1 Nd3 34. h4 a5 35. h5 Kf7 36. Kc2 Ne1+ 37. Kc3 Nxg2 38. Kc4 Ne1 39. b4
axb4 40. Kxb4 Nxf3 41. Kb5 e5 42. Kxb6 e4 43. b4 e3 44. b5 e2 45. Kc6 Nd4+ 46.
Kc5 e1=Q 47. b6 Ne6+ 48. Kc6 Qe4+ 49. Kb5 Qb7 50. Ka5 Bd2+ 51. Kb5 Be3 52. Ka5
Qxb6+ 53. Ka4 Nc5+ 54. Ka3 Qb3# 0-1

[Event "Madrid-ch superveteranos 2016/2017"]
[Site "Madrid ESP"]
[Date "2017.01.20"]
[Round "1.18"]
[White "Olano Lanchas, Dionisio"]
[Black "Albo Benarroch, Angel"]
[Result "0-1"]
[WhiteElo "1692"]
[BlackElo "1784"]
[PlyCount "23"]
[EventDate "2017.01.20"]
[EventType "swiss"]
[EventRounds "7"]
[EventCountry "ESP"]
[SourceTitle "Ajedrez en Madrid"]
[Source "lmi"]
[SourceDate "2017.01.20"]
[SourceVersion "1"]
[SourceVersionDate "2017.01.31"]
[SourceQuality "1"]

1. e4 c5 2. b3 Nc6 3. Bb2 d6 4. Bb5 Bd7 5. Nf3 e5 6. c3 a6 7. Bc4 Be7 8. O-O
Nf6 9. Re1 O-O 10. a4 Bg4 11. h3 Bh5 12. Na3 0-1

[Event "Madrid-ch superveteranos 2016/2017"]
[Site "Madrid ESP"]
[Date "2017.01.23"]
[Round "2.2"]
[White "Estrada Martinez, Cesar"]
[Black "Perez Cameselle, Francisco Jose"]
[Result "1-0"]
[WhiteElo "2067"]
[BlackElo "1790"]
[PlyCount "97"]
[EventDate "2017.01.20"]
[EventType "swiss"]
[EventRounds "7"]
[EventCountry "ESP"]
[SourceTitle "Ajedrez en Madrid"]
[Source "lmi"]
[SourceDate "2017.01.20"]
[SourceVersion "1"]
[SourceVersionDate "2017.01.31"]
[SourceQuality "1"]

1. c4 Nf6 2. d4 c5 3. Nf3 g6 4. Nc3 cxd4 5. Nxd4 Nc6 6. e4 Bg7 7. Be3 Ng4 8.
Qxg4 Nxd4 9. Qd1 Ne6 10. Be2 d6 11. O-O O-O 12. Qd2 Nc5 13. Bh6 Bxh6 14. Qxh6
f5 15. exf5 Bxf5 16. Rad1 Ne4 17. Nxe4 Bxe4 18. Qe3 Bc6 19. c5 Rf6 20. Rfe1 d5
21. Bg4 Qa5 22. Be6+ Kg7 23. Bxd5 Bxd5 24. Rxd5 Qxa2 25. Qxe7+ Rf7 26. Qe5+ Kg8
27. h4 Raf8 28. f3 Qc4 29. h5 Qf4 30. hxg6 hxg6 31. Rd6 Qxe5 32. Rxe5 Kg7 33.
Ree6 Rf6 34. b4 Rxe6 35. Rxe6 Kf7 36. Rd6 Re8 37. Kf2 Re7 38. f4 Re4 39. Rd7+
Kf6 40. Rxb7 Rxf4+ 41. Ke3 Rg4 42. Kd3 Ke6 43. Kc3 Rxg2 44. Rxa7 Rg4 45. Ra6+
Kd7 46. b5 g5 47. Ra7+ Kc8 48. c6 Re4 49. b6 1-0

[Event "Madrid-ch superveteranos 2016/2017"]
[Site "Madrid ESP"]
[Date "2017.01.23"]
[Round "2.3"]
[White "Mayer Schwartz, Rene"]
[Black "Ortega Morales, Pedro"]
[Result "1/2-1/2"]
[WhiteElo "2032"]
[BlackElo "1748"]
[PlyCount "50"]
[EventDate "2017.01.20"]
[EventType "swiss"]
[EventRounds "7"]
[EventCountry "ESP"]
[SourceTitle "Ajedrez en Madrid"]
[Source "lmi"]
[SourceDate "2017.01.20"]
[SourceVersion "1"]
[SourceVersionDate "2017.01.31"]
[SourceQuality "1"]

1. Nf3 d5 2. b3 Nf6 3. Bb2 e6 4. e3 Nbd7 5. Be2 Be7 6. O-O O-O 7. c4 c6 8. Nc3
b6 9. Qc2 Bb7 10. Rad1 Qc7 11. d4 Rfd8 12. Rd2 Bb4 13. Rdd1 Rac8 14. a3 Bd6 15.
Rc1 a6 16. cxd5 cxd5 17. Qb1 Qb8 18. h3 h6 19. Bd3 Qa8 20. Rfd1 b5 21. Ne2 Rxc1
22. Rxc1 Rc8 23. Ne5 Rxc1+ 24. Qxc1 Qc8 25. Qxc8+ Bxc8 1/2-1/2

[Event "Madrid-ch superveteranos 2016/2017"]
[Site "Madrid ESP"]
[Date "2017.01.23"]
[Round "2.4"]
[White "Albo Benarroch, Angel"]
[Black "Ciuro Munoz, Ricardo"]
[Result "0-1"]
[WhiteElo "1784"]
[BlackElo "2015"]
[PlyCount "28"]
[EventDate "2017.01.20"]
[EventType "swiss"]
[EventRounds "7"]
[EventCountry "ESP"]
[SourceTitle "Ajedrez en Madrid"]
[Source "lmi"]
[SourceDate "2017.01.20"]
[SourceVersion "1"]
[SourceVersionDate "2017.01.31"]
[SourceQuality "1"]

1. e4 e6 2. c4 d5 3. cxd5 exd5 4. exd5 Nf6 5. Nc3 Nxd5 6. Bc4 Nb6 7. Qe2+ Be7
8. d3 O-O 9. Nf3 Nc6 10. O-O Bg4 11. Qe4 Bh5 12. Bf4 Bg6 13. Qe2 Nxc4 14. dxc4
Bd3 0-1

[Event "Madrid-ch superveteranos 2016/2017"]
[Site "Madrid ESP"]
[Date "2017.01.23"]
[Round "2.5"]
[White "Campos Calvo-Sotelo, Juan"]
[Black "Corredor Gonzalez, Angel L"]
[Result "0-1"]
[WhiteElo "1896"]
[BlackElo "1708"]
[PlyCount "70"]
[EventDate "2017.01.20"]
[EventType "swiss"]
[EventRounds "7"]
[EventCountry "ESP"]
[SourceTitle "Ajedrez en Madrid"]
[Source "lmi"]
[SourceDate "2017.01.20"]
[SourceVersion "1"]
[SourceVersionDate "2017.01.31"]
[SourceQuality "1"]

1. b4 e5 2. a3 d5 3. e3 Nf6 4. c4 d4 5. c5 b6 6. cxb6 axb6 7. Bb2 c5 8. bxc5
bxc5 9. exd4 cxd4 10. Nf3 Bd6 11. Bb5+ Bd7 12. Qe2 O-O 13. O-O Qb6 14. a4 Bxb5
15. Qxb5 Nbd7 16. Na3 Ra5 17. Qxb6 Nxb6 18. Nb5 Bb8 19. Ba3 Rc8 20. Nd6 Rc2 21.
Rab1 Nfd7 22. Rfe1 f6 23. Nxd4 Ra2 24. Nc6 Bxd6 25. Bxd6 R5xa4 26. d4 exd4 27.
Nd8 h5 28. f4 d3 29. f5 d2 30. Red1 Rd4 31. Bc7 Nc4 32. Nc6 Re4 33. Bg3 Ne3 34.
Bf2 Nxd1 35. Rxd1 Rc2 0-1

[Event "Madrid-ch superveteranos 2016/2017"]
[Site "Madrid ESP"]
[Date "2017.01.23"]
[Round "2.6"]
[White "Leniz Martinez, Francisco"]
[Black "Perez Pascual, Arturo"]
[Result "1-0"]
[WhiteElo "1721"]
[BlackElo "1895"]
[PlyCount "83"]
[EventDate "2017.01.20"]
[EventType "swiss"]
[EventRounds "7"]
[EventCountry "ESP"]
[SourceTitle "Ajedrez en Madrid"]
[Source "lmi"]
[SourceDate "2017.01.20"]
[SourceVersion "1"]
[SourceVersionDate "2017.01.31"]
[SourceQuality "1"]

1. d4 d5 2. Nf3 Nf6 3. e3 Bf5 4. c4 e6 5. Qb3 Qc8 6. Nc3 c6 7. cxd5 exd5 8. Bd2
Nbd7 9. Rc1 Bd6 10. Nb5 Be7 11. Bb4 Qb8 12. Bxe7 Kxe7 13. Qb4+ Kd8 14. Nd6 Rf8
15. Nxf5 Ne4 16. Ne5 c5 17. Nxd7 Kxd7 18. dxc5 Ke6 19. Nd4+ Kf6 20. Nf3 Qd8 21.
Bd3 Re8 22. Qd4+ Kg6 23. O-O f6 24. Nd2 f5 25. Bxe4 fxe4 26. Nb3 Rc8 27. Rcd1
Qe7 28. Qxd5 Red8 29. Qc4 Qe5 30. Rxd8 Rxd8 31. Nd4 Kf6 32. b4 Rc8 33. a4 a5
34. Rc1 axb4 35. Qxb4 Rc7 36. h3 h6 37. a5 Kg6 38. Ne2 Kh7 39. Ng3 Re7 40. Rd1
h5 41. Rd4 Rf7 42. Nxe4 1-0

[Event "Madrid-ch superveteranos 2016/2017"]
[Site "Madrid ESP"]
[Date "2017.01.23"]
[Round "2.7"]
[White "Garcia Esteban, Ignacio"]
[Black "Arroyo Fraile, Mario"]
[Result "1-0"]
[WhiteElo "1851"]
[BlackElo "1552"]
[PlyCount "57"]
[EventDate "2017.01.20"]
[EventType "swiss"]
[EventRounds "7"]
[EventCountry "ESP"]
[SourceTitle "Ajedrez en Madrid"]
[Source "lmi"]
[SourceDate "2017.01.20"]
[SourceVersion "1"]
[SourceVersionDate "2017.01.31"]
[SourceQuality "1"]

1. e4 e6 2. d4 Nf6 3. Bd3 d5 4. e5 Nfd7 5. Nf3 c5 6. c3 Nc6 7. O-O cxd4 8. cxd4
Be7 9. Nc3 a6 10. a3 O-O 11. Qe2 f6 12. exf6 Bxf6 13. Qxe6+ Kh8 14. Qxd5 Ne7
15. Qe4 Ng6 16. Re1 Rb8 17. Bf4 Ra8 18. Bd6 Nb6 19. Bxf8 Qxf8 20. h4 Qg8 21. h5
Ne7 22. Ne5 Bf5 23. Qf3 Bxd3 24. Qxd3 Rd8 25. Qe4 Nbd5 26. Nxd5 Nxd5 27. Rac1
Ne7 28. Rc7 Nc6 29. Nf7+ 1-0

[Event "Madrid-ch superveteranos 2016/2017"]
[Site "Madrid ESP"]
[Date "2017.01.23"]
[Round "2.8"]
[White "Martinez Rubio, Felipe"]
[Black "Lopez Heras, Arturo"]
[Result "1-0"]
[WhiteElo "1706"]
[BlackElo "1837"]
[PlyCount "39"]
[EventDate "2017.01.20"]
[EventType "swiss"]
[EventRounds "7"]
[EventCountry "ESP"]
[SourceTitle "Ajedrez en Madrid"]
[Source "lmi"]
[SourceDate "2017.01.20"]
[SourceVersion "1"]
[SourceVersionDate "2017.01.31"]
[SourceQuality "1"]

1. d4 Nf6 2. Bg5 e6 3. Nf3 d5 4. e3 Be7 5. Bd3 O-O 6. Nbd2 c5 7. c3 Qb6 8. Rb1
h6 9. Bh4 Nc6 10. Ne5 c4 11. Be2 Qc7 12. f4 Nxe5 13. fxe5 Nh7 14. Bxe7 Qxe7 15.
O-O Qg5 16. Qc2 Bd7 17. Nf3 Qh5 18. Rf2 g5 19. h3 Kh8 20. g4 1-0